| 000 | 00883nam a2200265Ia 4500 | ||
|---|---|---|---|
| 003 | OSt | ||
| 005 | 20221002045135.0 | ||
| 006 | a|||||r|||| 00| 0 | ||
| 007 | ta | ||
| 008 | 220930b |||||||| |||| 00| 0 eng d | ||
| 020 |
_a9780521614061 (pbk) _c2354.23 |
||
| 024 | _a95357 | ||
| 037 |
_bDU0061, 09/03/2009, Independent Publishers Group _cReference Collections |
||
| 040 |
_aCRL _cCRL _beng |
||
| 041 |
_2eng _aeng |
||
| 082 | _aS8:(Y:1:65), P6(RR) | ||
| 100 |
_aSam David L. Ed. _9570155 |
||
| 245 | 0 | _aCambridge handbook of acculturation psychology | |
| 260 |
_aNew York _bCUP USA _c2006 |
||
| 300 |
_axxiii,551p. _ccm. |
||
| 650 | _aPSYCHOLOGY | ||
| 700 | _a Berry John W. Ed. | ||
| 942 |
_hS8:(Y:1:65), P6(RR) _cref _2CC |
||
| 999 |
_c911868 _d911868 |
||